Szczegóły MARC21

Histoire 2 /

005 -DATA I CZAS OSTATNIEJ MODYFIKACJI [,]
    • @
    • pole kontrolne
    • 20070315155141.9
020 -Międzynarod. znormalizowany nr książki - ISBN [ , ]
    • a
    • Numer ISBN
    • 2701106249 Find
040 -Instytucja sporządzająca opis [ , ]
    • a
    • Instytucja, która sporządziła opis (NP)
    • SZCZ U
    • c
    • Instytucja, która sporządziła rekord (NP)
    • SZCZ U
041 -Język dokumentu [0, ]
    • a
    • Język tekstu (P)
    • francuski
    • h
    • Język tekstu oryginalnego i/lub pośredniego (P)
    • francuski
942 -Rodzaj dokumentu [ , ]
    • c
    • Rodzaj dokumentu
    • Książka
245 -Strefa tytułu i oznaczenia odpowiedzialności [0, ]
    • a
    • Tytuł
    • Histoire 2 / Find
    • c
    • Pozostałe elementy strefy tytułu i oznaczenia odpowiedzialności (NP)
    • sous la dir. de Robert Frank ; par Danielle Audigey [et al.].
260 -Strefa adresu wydawniczego [ , ]
    • a
    • Miejsce wydania (P)
    • Paris :
    • b
    • Nazwa wydawcy (P)
    • Belin,
    • c
    • Data wydania (P)
    • 1990.
300 -Strefa opisu fizycznego [ , ]
    • a
    • Określenie formy książki i/lub objętość (NP)
    • 319 s. :
    • b
    • Oznaczenie ilustracji (NP)
    • il., fot., mapy :
    • c
    • Format (NP)
    • 27 cm.
500 -Uwaga ogólna [ , ]
    • a
    • Uwaga ogólna (NP)
    • Ind
080 -Uniwersalna Klasyfikacja Dziesiętna [ , ]
    • a
    • Symbol klasyfikacji
    • 944"17/18"(075.3)(02.025.2)=40
980 -Symbol UKD [ , ]
    • a
    • UKD
    • 944"17/18"(075.3)(02.025.2)=40
700 -Hasło dodatkowe - nazwa osobowa [ , ]
    • a
    • Nazwa osobowa (NP)
    • Frank Robert Find
    • d
    • Daty biograficzne (NP)
    • red.
700 -Hasło dodatkowe - nazwa osobowa [ , ]
    • a
    • Nazwa osobowa (NP)
    • Audigey Danielle Find
    • d
    • Daty biograficzne (NP)
    • współaut.
920 -ISBN [ , ]
    • a
    • ISBN
    • 2-7011-0624-9 Find
Numer inwentarzowy Status udost. Lokalizacja Data inwentaryzacji Sygnatura
A.45571BM1996-10-01FR. Historia Francji 07